000
00361pab a2200169 454500
008
180718b2007 xxu||||| |||| 00| 0 eng d
100
_a
Sen, Arup Kumar
245
_a
A political ritual
260
_c
2007
300
_a
p.12.
362
_a
16 Mar
650
_a
Budget - India
650
_a
Budget
773
_a
Mainstream
908
_a
N
909
_a
73436
999
_c
73436
_d
73436